• 首页
  • 本馆介绍
  • 公告通知
  • 最新文献
  • 馆藏检索
  • 电子资源
  • 读者导购
  • 参考咨询
  • 我的图书馆
  • 登录
  • 详细信息显示
  • 放入我的书架
  • 预约/预借图书
  • 作者相关作品
  • 分类相关作品
  • 丛书相关作品
  • 出版社相关作品

书目信息

  • 表格格式
  • 工作单格式
  • 卡片格式
题名:
干果研究进展
    
 
作者: 刘孟军 , 王文江 , 赵锦 主编
分册: 8  
出版信息: 北京   中国林业出版社  2013
页数: 274页
开本: 26cm
丛书名:
单 册:
中图分类: S664-53 , S665-53
科图分类:
主题词: 干果--中国--文集 , 干果
电子资源:
ISBN: 978-7-5038-7266-2
000 01029nam0 2200277 450
001 012015000280
005 20150914162153.06
010    @a978-7-5038-7266-2@dCNY80.00
100    @a20140429d2013 em y0chiy50 ea
101 0  @achi
102    @aCN@b110000
105    @aa z 000yy
106    @ar
200 1  @a干果研究进展@Agan guo yan jiu jin zhan@h8@f刘孟军,王文江,赵锦主编
210    @a北京@c中国林业出版社@d2013
215    @a274页@c图@d26cm
330    @a本书筛选并收录了各地作者的论文72篇,论文涉及核桃、枣、板栗、榛、阿月混子等干果树种,内容涵盖产业动态、种质资源与遗传育种、生物技术及其应用、栽培生理与栽培技术、病虫草害及其防治、采后加工及处理等,反映了我国干果科研与生产的最新进展。
606 0  @a干果@y中国@j文集
606 0  @a干果
690    @aS664-53@v5
690    @aS665-53@v5
701  0 @a刘孟军@Aliu meng jun@f(1965.4~)@4主编
701  0 @a王文江@Awang wen jiang@f(1965~)@4主编
701  0 @a赵锦@Azhao jin@c(女,@f1977~)@4主编
801  0 @aCN@b碧洲教育@c20150716
905    @a10447@f4@dS664-53@e335:8
    
    干果研究进展.8/刘孟军,王文江,赵锦主编.-北京:中国林业出版社,2013
    274页:图;26cm
    
    
    ISBN 978-7-5038-7266-2:CNY80.00
    本书筛选并收录了各地作者的论文72篇,论文涉及核桃、枣、板栗、榛、阿月混子等干果树种,内容涵盖产业动态、种质资源与遗传育种、生物技术及其应用、栽培生理与栽培技术、病虫草害及其防治、采后加工及处理等,反映了我国干果科研与生产的最新进展。
●
相关链接 在E读中查询图书 在五车中查询图书 在当当中查询图书 在豆瓣中查询图书


正题名:干果研究进展     索取号:S664-53/335:8         预约/预借

序号 登录号 条形码 馆藏地/架位号 状态 备注
1 0849918   208499187   第二样本阅览室/ [索取号:S664-53/335:8] 在馆    
2 0849919   208499196   第三借阅区/ [索取号:S664-53/335:8] 在馆    
3 0849920   208499203   第三借阅区/ [索取号:S664-53/335:8] 在馆    
4 0849921   208499212   密集书库-生命科学系/ [索取号:S664-53/335:8] 在馆    
唐山师范学院图书馆 欢迎您!
大连网信软件有限公司© 版权所有